Vers l’armée robotisée (notice n° 2210406)

détails MARC
000 -LEADER
fixed length control field 01238cam a2200229 4500500
005 - DATE AND TIME OF LATEST TRANSACTION
control field 20260412000554.0
041 ## - LANGUAGE CODE
Language code of text/sound track or separate title fre
042 ## - AUTHENTICATION CODE
Authentication code dc
100 10 - MAIN ENTRY--PERSONAL NAME
Personal name Valentin, Thomas
Relator term author
245 00 - TITLE STATEMENT
Title Vers l’armée robotisée
260 ## - PUBLICATION, DISTRIBUTION, ETC.
Date of publication, distribution, etc. 2026.<br/>
500 ## - GENERAL NOTE
General note 66
520 ## - SUMMARY, ETC.
Summary, etc. Les avancées en robotique et le développement de l’Intelligence artificielle (IA) et du combat collaboratif transforment profondément la conduite de la guerre mais n’en modifient pas l’essence fondamentale : la guerre reste un affrontement des volontés humaines où l’homme demeure l’acteur décisif du combat.
520 ## - SUMMARY, ETC.
Summary, etc. Advances in robotics and the development of artificial intelligence (AI) and collaborative combat are profoundly transforming the conduct of warfare but do not change its fundamental nature. War remains a battle of human wills in which man remains the decisive actor in combat.
690 ## - LOCAL SUBJECT ADDED ENTRY--TOPICAL TERM (OCLC, RLIN)
Topical term or geographic name as entry element combat collaboratif
690 ## - LOCAL SUBJECT ADDED ENTRY--TOPICAL TERM (OCLC, RLIN)
Topical term or geographic name as entry element dronisation
690 ## - LOCAL SUBJECT ADDED ENTRY--TOPICAL TERM (OCLC, RLIN)
Topical term or geographic name as entry element IA
690 ## - LOCAL SUBJECT ADDED ENTRY--TOPICAL TERM (OCLC, RLIN)
Topical term or geographic name as entry element robotisation
690 ## - LOCAL SUBJECT ADDED ENTRY--TOPICAL TERM (OCLC, RLIN)
Topical term or geographic name as entry element systèmes autonomes
786 0# - DATA SOURCE ENTRY
Note Revue Défense Nationale | 889 | 4 | 2026-04-02 | p. 50-56 | 2105-7508
856 41 - ELECTRONIC LOCATION AND ACCESS
Uniform Resource Identifier <a href="https://shs.cairn.info/revue-defense-nationale-2026-4-page-50?lang=fr&redirect-ssocas=7080">https://shs.cairn.info/revue-defense-nationale-2026-4-page-50?lang=fr&redirect-ssocas=7080</a>

Pas d'exemplaire disponible.

PLUDOC

PLUDOC est la plateforme unique et centralisée de gestion des bibliothèques physiques et numériques de Guinée administré par le CEDUST. Elle est la plus grande base de données de ressources documentaires pour les Étudiants, Enseignants chercheurs et Chercheurs de Guinée.

Adresse

627 919 101/664 919 101

25 boulevard du commerce
Kaloum, Conakry, Guinée

Réseaux sociaux

Powered by Netsen Group @ 2025